000 00280nam a22001337a 4500
008 170609b xxu||||| |||| 00| 0 eng d
020 _a0896082802
041 _aeng
080 _a32
100 _a19
101 _aSHP
245 _aBEAUTY SECRETS
_cCHAPKIS, W
942 _2udc
_cBK
999 _c16706
_d16706